Statistiques concernant Personnages d'anime en images - N

Cliquez ici pour prendre le quiz!

Statistiques générales

  • Ce quiz a été pris 239 fois
  • Le résultat moyen est 9 sur 18

Statistiques - réponses

Réponse% Correct
Naruto Uzumaki
98%
Nami
93%
Natsu Dragnir
91%
Nezuko Kamado
84%
Isaac Netero
66%
Nagisa Shiota
65%
Nicky Larson
59%
Nate River
49%
Norman
49%
Nappa
46%
Nathan Swift
45%
Yû Nishinoya
30%
Naofumi Iwatani
21%
Nelliel Tu Odelschwanck
20%
Narancia Ghirga
19%
Nausicaä
12%
Nunnally Lamperouge
11%
Nahoko Satomi
4%

Distribution des résultats

Percentile par nombre de réponses

% des personnes avec chaque résultat

Votre développement - résultats

Vous n’avez pas pris ce quiz